Scoping Agriculture, Wetland Interactions : (Record no. 15102)

000 -LEADER
fixed length control field 01584cam a2200241 a 4500
020 ## - INTERNATIONAL STANDARD BOOK NUMBER
ISBN 9789251060599
020 ## - INTERNATIONAL STANDARD BOOK NUMBER
ISBN 9251060592
040 ## - CATALOGING SOURCE
Transcribing agency BTCTA
082 ## - DEWEY DECIMAL CLASSIFICATION NUMBER
Classification number 630 FOO 2008 A054 Or.
245 00 - TITLE STATEMENT
Title Scoping Agriculture, Wetland Interactions :
Remainder of title towards a Sustainable Multiple-response Strategy /
260 ## - PUBLICATION, DISTRIBUTION, ETC. (IMPRINT)
Place of publication Rome :
Name of publisher Food and Agriculture Organization of the United Nations,
Year of publication 2008.
300 ## - PHYSICAL DESCRIPTION
Number of Pages xviii, 155 p. :
Other physical details ill. ;
Dimensions 30 cm. +
Accompanying material 1 CD-ROM (4 3/4 in.)
490 1# - SERIES STATEMENT
Series statement FAO water reports,
500 ## - GENERAL NOTE
General note "TC/M/10314E/1/09.08/2100"--P. [4] of cover.
500 ## - GENERAL NOTE
General note CDROM contains database which has been used in the FAO Water Report no. 33 "Scoping agriculture-wetlands interactions. Towards a sustainable multiple-response strategy".
520 ## - SUMMARY, ETC.
Summary, etc Agriculture is identified as the main cause of wetland degradation and loss. Using a drivers, pressures, state changes, impacts and responses (DPSIR) framework to analyze 90 cases drawn from all parts of the world and all wetland types, this report assesses the character of agriculture - wetlands interactions (AWIs) and their impacts in socio-economic and ecosystem services terms. The report is a technical framework that is used to scope out the relevance and nature of AWIs, identify responses, identify opportunities and set out guidelines. The accompanying CD-ROM contains the DPSIR database and tutors.--Publisher's description.
650 #0 - SUBJECT ADDED ENTRY--TOPICAL TERM
Topical Term Land use
650 #0 - SUBJECT ADDED ENTRY--TOPICAL TERM
Topical Term Wetland agriculture.
650 #0 - SUBJECT ADDED ENTRY--TOPICAL TERM
Topical Term Agricultural landscape management.
700 1# - ADDED ENTRY--PERSONAL NAME
Personal name Wood, Adrian P.
700 1# - ADDED ENTRY--PERSONAL NAME
Personal name Halsema, Gerardo E. van.
942 ## - ADDED ENTRY ELEMENTS (KOHA)
Koha item type សៀវភៅភាសាអង់គ្លេស
952 ## - LOCATION AND ITEM INFORMATION (KOHA)
Withdrawn status [LOCAL, KOHA] 0
Holdings
Permanent Location Date acquired Koha item type Lost status Shelving location Barcode Current Location Full call number
Library Block A2017-11-10សៀវភៅភាសាអង់គ្លេស A054RUA060372Library Block A630 FOO 2008 A054 Or.
មជ្ឈមណ្ឌលឯការនៃសាកលវិទ្យាល័យភូមិន្ទកសិកម្មចំការដូង

Powered by Koha